| 000 | 00751nam a2200217Ia 4500 | ||
|---|---|---|---|
| 005 | 20241129111014.0 | ||
| 008 | 241129s9999||||xx |||||||||||||| ||und|| | ||
| 020 | _a978-93-87629-33-2 | ||
| 037 | _aTB | ||
| 040 |
_aCRL _bpun _cCRL |
||
| 041 |
_apun _2pun |
||
| 084 |
_aO153,1NPA7x Q9 _qCRL |
||
| 100 | _aਪਰਵਾਨਾ, ਹਰਦਿਆਲ, ਚ। | ||
| 245 | 0 |
_aਪੱਥਰਾਂ ਦੇ ਸ਼ਹਿਰ ਵਿੱਚ _cਪਰਵਾਨਾ, ਹਰਦਿਆਲ, ਚ। |
|
| 260 |
_aਲੁਧਿਆਨਾ, ਭਾਰਤ _bਚੇਤਨਾ ਪ੍ਰਕਾਸ਼ਨ _c2019 |
||
| 300 | _a99ਪ੍ਰ0 | ||
| 365 |
_aINR _b200 |
||
| 650 |
_aPunjabi LiteraturePoetry _9726276 |
||
| 942 |
_cTB _hO153,1NPA7x Q9 |
||
| 999 |
_c1228500 _d1228500 |
||